000 00281nam a22001097a 4500
999 _c12550
_d12550
020 _a9788120333710
_a978-0131484108
_a 0131484109
082 _a658.30
100 _aCascio, Wayne F.
245 _aApplied Psychology in Human Resource Management
250 _a6th edition
942 _cBK